A to Z of healthy living : (Record no. 763577)

MARC details
000 -LEADER
fixed length control field 01097nam a2200337 a 4500
001 - CONTROL NUMBER
control field vtls000940270
003 - CONTROL NUMBER IDENTIFIER
control field NLI
005 - DATE AND TIME OF LATEST TRANSACTION
control field 20210627091236.0
008 - FIXED-LENGTH DATA ELEMENTS--GENERAL INFORMATION
fixed length control field 111024 2011 ii a e 000 0 eng d
020 ## - INTERNATIONAL STANDARD BOOK NUMBER
International Standard Book Number 9788172451301 : (pbk)
Terms of availability Rs.140.00
039 #9 - LEVEL OF BIBLIOGRAPHIC CONTROL AND CODING DETAIL [OBSOLETE]
Level of rules in bibliographic description 201112072219
Level of effort used to assign nonsubject heading access points ezajulh
-- 201110242139
-- ezajulh
040 ## - CATALOGING SOURCE
Original cataloging agency NLI
Language of cataloging eng
044 ## - COUNTRY OF PUBLISHING/PRODUCING ENTITY CODE
MARC country code ii
082 04 - DEWEY DECIMAL CLASSIFICATION NUMBER
Classification number 613.0434
Edition number 22
100 1# - MAIN ENTRY--PERSONAL NAME
Personal name Jain, Shashi
9 (RLIN) 783621
245 10 - TITLE STATEMENT
Title A to Z of healthy living :
Remainder of title common problems & remedies /
Statement of responsibility, etc. Shashi Jain and Manish Jain
260 ## - PUBLICATION, DISTRIBUTION, ETC.
Place of publication, distribution, etc. New Delhi :
Name of publisher, distributor, etc. Goodwill Pub.,
Date of publication, distribution, etc. 2011
300 ## - PHYSICAL DESCRIPTION
Extent vi, 258 p. :
Other physical details ill. ;
Dimensions 22 cm.
650 #0 - SUBJECT ADDED ENTRY--TOPICAL TERM
Topical term or geographic name entry element Health
9 (RLIN) 679146
650 #0 - SUBJECT ADDED ENTRY--TOPICAL TERM
Topical term or geographic name entry element Nutrition
9 (RLIN) 677375
650 #0 - SUBJECT ADDED ENTRY--TOPICAL TERM
Topical term or geographic name entry element Physical fitness
9 (RLIN) 676733
700 1# - ADDED ENTRY--PERSONAL NAME
Personal name Jain, Manish,
Relationship jt. aut
9 (RLIN) 839126
887 ## - NON-MARC INFORMATION FIELD
Content of non-MARC field E. Haque
901 ## - LOCAL DATA ELEMENT A, LDA (RLIN)
a DB123811 :
b 07.05.11
902 ## - LOCAL DATA ELEMENT B, LDB (RLIN)
a E 613.0434 J 199 a
904 ## - LOCAL DATA ELEMENT D, LDD (RLIN)
a E. Haque
949 ## - LOCAL PROCESSING INFORMATION (OCLC)
-- VIRTUAITEM
-- 10000
-- 100
6 DBA000123811ENG
942 ## - ADDED ENTRY ELEMENTS (KOHA)
Source of classification or shelving scheme Dewey Decimal Classification
Koha item type Books
Holdings
Withdrawn status Lost status Damaged status Not for loan Collection code Home library Current library Shelving location Date acquired Total Checkouts Full call number Barcode Date last seen Price effective from Koha item type
        New English National Library of India National Library of India New English - Main Stack Division     E 613.0434 J 199 a DBA000123811ENG 27/06/2021 27/06/2021 Books
                                                                           
web counter

Copyright ©2020 The National Library of India, Govt. of India ↔ Hosted by NVLI, MOC ↔ Technology and Design by National Library of India, Ministry of Culture, Govt. of India